000 00501nam a2200181Ia 4500
005 20250923144412.0
008 008 250917s9999 xx 000 0 eng d
037 _aTextual
040 _aDSWL
_beng
_cDSWL
041 _aeng
_2eng
084 _aS:9, H4.2
_qDSWL
100 _aHenper, H.W
_9824534
245 0 _aPsychology applied to life and work, vol.2
_cby H.W Henper
260 _c1944
300 _a369-770 p.
942 _cTEXL
_hS:9, H4.2
999 _c1438420
_d1438420